| 000 | 00857nam a2200217 a 4500 | ||
|---|---|---|---|
| 003 | 0 | ||
| 005 | 20250328085415.0 | ||
| 008 | 050809s19uu xx 00 eng d | ||
| 050 |
_aPGS LB 3609.C88 _b.G277 2005 |
||
| 100 | _aGautier, Camille Isabelle Denise D. | ||
| 245 |
_aCutting class habits of upper school students / _cCamille Isabelle Denise D. Gautier. |
||
| 260 |
_aLas PiƱas City, Philippines : _bSouthville International School and Colleges, _c2005. |
||
| 300 |
_a37 pages : _bcolored illustrations : _c28 cm. |
||
| 504 | _aIncludes bibliographical references. | ||
| 650 |
_aTruancy _vStudent behavior. |
||
| 650 |
_aSchool attendance _vHigh school students. |
||
| 650 |
_aClassroom management _vDiscipline issues. |
||
| 650 |
_aAcademic achievement _vEffects of absenteeism. |
||
| 650 |
_aEducation _vStudent motivation. |
||
| 942 |
_2lcc _cPASS |
||
| 999 |
_c97365 _d97365 |
||